1472 1277 1076 1859 1285 1904 1534 1609 1663 1965 1064 1244 1118 1753 1353 1621 1857 1031 1193 1408 1862 1062 1087 1826 1868 1847 1165 1552 1512 1430 1414 1691 1951 1203 1612 1622 1923 1868 1355 1761 1484 1154 1698 1933 1011 1075 1414 1695 1488 1508 1510 1572 1815 1442 1134 1393 1810 1268 1254 1717 1563 1691 1558 1341 1284 1145 1981 1226 1158 1966 1872 1912 1906 1188 1379 1425 1698 1920 1502 1302 1110 1581 1166 1887 1476 1617 1210 1028 1708 1276 1122 1029 1818 1076 1209 1106 1828 1412 1494 BCNSPRNW ULIB Ver.6.0+V

เปลี่ยนเป็นภาษาไทย

Change to English
 แสดงรายละเอียดบรรณานุกรม
  กลับหน้าหลัก

Brief Record : Get Marc (ISO 2709) : E-mail record : QR code < ปิดหน้าต่าง
LEADER : 00000nam 2200000uu 4500
001    13399125439
003     ULIB
008    160805s2558 th b 000 0 tha d
020    ^a9786164063518
040    ^absi
060 04 ^aW32.JT3^bว712ว
100 0  ^aวิโรจน์ ไววานิชกิจ
245 10 ^aเวชจริยศาสตร์การแพทย์และสาธารณสุขและกรณีศึกษาสำหรับแพทย์พยาบาลและบุคลากรทางการแพทย์ /^cโดย วิโรจน์ ไววานิชกิจ
250    ^aพิมพ์ครั้งที่ 1
260    ^aกรุงเทพฯ :^bโรงพิมพ์แห่งจุฬาลงกรณ์มหาวิทยาลัย,^c2558
300    ^a105 หน้า ;^c21 ซม.
650  4 ^aจรรยาบรรณแพทย์
650  4 ^aจรรยาบรรณพยาบาล
650  4 ^aบุคลากรทางการแพทย์
945    ^p290^l0^i25010
945    ^p290^l0^i25011
945    ^p290^l0^i25012
945    ^p290^l0^i25013
945    ^p290^l0^i25014
995    ^aกัณชพร
999    ^aกัณชพร
รายการนี้ยังไม่มีแท็ก
คุณยังไม่ได้ล็อกอิน คุณสามารถมีกิจกรรมร่วมกับเว็บไซต์ได้ แต่ต้องล็อกอินก่อน ::
  ล็อกอิน

รายการสื่อสารสนเทศ

ลำดับที่ ประเภท เลขเรียก/บาร์โค้ด สถานที่ สถานะ
1. หนังสือสำรอง
หนังสือสำรอง
สถานะ=หนังสือเก่า
W32.JT3 ว712ว ฉ.1 
  Barcode: 25010
ห้องสมุดวิทยาเขตนครสวรรค์
►ส่วนจัดเก็บหนังสือเก่า นว.
บนชั้น
  ขอยืม
2. วิทยาศาสตร์การแพทย์ และสุขภาพ
วิทยาศาสตร์การแพทย์ และสุขภาพ
สถานะ=หนังสือเก่า
W32.JT3 ว712ว ฉ.2 
  Barcode: 25011
ห้องสมุดวิทยาเขตนครสวรรค์
►ส่วนจัดเก็บหนังสือเก่า นว.
บนชั้น
  ขอยืม
3. วิทยาศาสตร์การแพทย์ และสุขภาพ
วิทยาศาสตร์การแพทย์ และสุขภาพ
สถานะ=หนังสือเก่า
W32.JT3 ว712ว ฉ.3 
  Barcode: 25012
ห้องสมุดวิทยาเขตนครสวรรค์
►ส่วนจัดเก็บหนังสือเก่า นว.
บนชั้น
  ขอยืม
4. วิทยาศาสตร์การแพทย์ และสุขภาพ
วิทยาศาสตร์การแพทย์ และสุขภาพ
สถานะ=หนังสือเก่า
W32.JT3 ว712ว ฉ.4 
  Barcode: 25013
ห้องสมุดวิทยาเขตนครสวรรค์
►ส่วนจัดเก็บหนังสือเก่า นว.
บนชั้น
  ขอยืม
5. วิทยาศาสตร์การแพทย์ และสุขภาพ
วิทยาศาสตร์การแพทย์ และสุขภาพ
สถานะ=หนังสือเก่า
W32.JT3 ว712ว ฉ.5 
  Barcode: 25014
ห้องสมุดวิทยาเขตนครสวรรค์
►ส่วนจัดเก็บหนังสือเก่า นว.
บนชั้น
  ขอยืม

รายการใกล้เคียง
    ผู้แต่ง [วิโรจน์ ไววานิชกิจ]

    หัวเรื่อง [จรรยาบรรณแพทย์]
    หัวเรื่อง [จรรยาบรรณพยาบาล]
    หัวเรื่อง [บุคลากรทางการแพทย์]

BibComment


ยังไม่เคยถูกคอมเมนท์

คอมเมนท์ทรัพยากรรายการนี้
  คอมเมนท์: เวชจริยศาสตร์การ..


 Copyright 2026. Bcnsprnw @Library